Statystyki dla Mali czy Mauretania?

Kliknij tutaj aby rozwiązać quiz!

Ogólne statystyki

  • Ten quiz został rozwiązany 85 razy
  • Średni wynik to 8 z 12

Statystyki odpowiedzi

ZagadnienieOdpowiedź% Poprawnych
Który kraj należy do Ligii Państw Arabskich? Mali czy Mauretania?Mauretania!
84%
Który kraj graniczy z Saharą Zachodnią? Mali czy Mauretania?Mauretania!
81%
Którego kraju stolicą jest Bamako? Mali czy Mauretanii?Mali!
78%
Który kraj graniczy z Gwineą? Mali czy Mauretania?Mali!
75%
Który kraj posiada dostęp do Oceanu Atlantyckiego? Mali czy Mauretania?Mauretania!
70%
Który kraj posiada więcej mieszkańców? Mali czy Mauretania?Mali!
67%
Który mówi w języku francuskim? Mali czy Mauretania?Mali!
64%
Który kraj posiada większą gęstość zaludnienia? Mali czy Mauretania?Mali!
60%
Który kraj jest wyżej w rankingu CAF? Mali czy Mauetania?Mali!
59%
Który kraj posiada większe PKB na osobę? Mali czy Mauretania?Mauretania!
53%
Który kraj posiada większą powierzchnie? Mali czy Mauretania?Mali!
48%
Który kraj jest krócej niepodległy? Mali czy Mauretania?Mali!
33%

Rozkład punktacji

Percentyl według liczby udzielonych odpowiedzi

Procent ludzi z każdym wynikiem

Twoja historia wyników

Nie rozwiązałeś tego quizu